<?xml version="1.0" encoding="UTF-8"?>
<record
    xmlns:xsi="http://www.w3.org/2001/XMLSchema-instance"
    xsi:schemaLocation="http://www.loc.gov/MARC21/slim http://www.loc.gov/standards/marcxml/schema/MARC21slim.xsd"
    xmlns="http://www.loc.gov/MARC21/slim">

  <leader>01448nam a2200181 a 4500</leader>
  <datafield tag="020" ind1=" " ind2=" ">
    <subfield code="a">0534380069 (hardcover)</subfield>
  </datafield>
  <datafield tag="020" ind1=" " ind2=" ">
    <subfield code="a">9780534380069 (hardcover)</subfield>
  </datafield>
  <datafield tag="082" ind1=" " ind2=" ">
    <subfield code="a">574.192 BOY</subfield>
  </datafield>
  <datafield tag="100" ind1="1" ind2=" ">
    <subfield code="a">Boyer, Rodney F.</subfield>
  </datafield>
  <datafield tag="245" ind1="1" ind2="0">
    <subfield code="a">Concepts in biochemistry /</subfield>
  </datafield>
  <datafield tag="250" ind1=" " ind2=" ">
    <subfield code="a">2nd ed.</subfield>
  </datafield>
  <datafield tag="260" ind1=" " ind2=" ">
    <subfield code="a">[S.l.] :</subfield>
    <subfield code="b">Brooks/Cole Pub Co,</subfield>
    <subfield code="c">2001.</subfield>
  </datafield>
  <datafield tag="300" ind1=" " ind2=" ">
    <subfield code="a">694 p. ;</subfield>
  </datafield>
  <datafield tag="520" ind1=" " ind2=" ">
    <subfield code="a">This book reflects the modern tendency of biochemical studies and experimental design to be more heavily based on the nucleic acids and genetic approaches. Boyer enhances student's understanding of biological processes by initiating the study of biochemistry with nucleic acids (especially DNA) playing a more central role and treating other biomolecules as direct or indirect products. Boyer's lively presentation captures students' interest, gives them a current and practical sense of biochemistry, and presents applications that they can use in their careers and everyday lives. An accompanying interactive CD-ROM/Web site provides additional opportunities for study and enrichment. Boyer includes all the topical coverage usually provided in current biochemistry courses, but modifies the sense of focus and balance of coverage. The result is a text of exceptional relevance for students in allied-health fields, agricultural studies, and related programs.</subfield>
  </datafield>
  <datafield tag="650" ind1=" " ind2=" ">
    <subfield code="a">biochemistry</subfield>
  </datafield>
  <datafield tag="856" ind1="4" ind2="0">
    <subfield code="u">http://www.amazon.com/exec/obidos/ASIN/0534380069/chopaconline-20</subfield>
  </datafield>
  <datafield tag="942" ind1=" " ind2=" ">
    <subfield code="c">BK</subfield>
  </datafield>
  <datafield tag="999" ind1=" " ind2=" ">
    <subfield code="c">1434</subfield>
    <subfield code="d">1434</subfield>
  </datafield>
  <datafield tag="952" ind1=" " ind2=" ">
    <subfield code="0">0</subfield>
    <subfield code="1">0</subfield>
    <subfield code="7">0</subfield>
    <subfield code="8">NFIC</subfield>
    <subfield code="a">IC</subfield>
    <subfield code="b">IC</subfield>
    <subfield code="c">FIC</subfield>
    <subfield code="d">2015-07-04</subfield>
    <subfield code="l">0</subfield>
    <subfield code="o">574.192 BOY</subfield>
    <subfield code="p">003991</subfield>
    <subfield code="r">2015-07-04 00:00:00</subfield>
    <subfield code="w">2015-07-04</subfield>
    <subfield code="y">SBK</subfield>
  </datafield>
</record>
